00878cam a22002651i 450000100060000000300080000600500170001400800410003103500190007203500140009103500120010504000350011704100080015208200210016010000200018124501280020126000410032930000300037051000950040061000290049565000240052465000270054865000230057570000140059812845BD-RjUL20211208235350.0900406s1927 xna 00010 eng d a(BD-RjUL)12895 a(BD-RjUL) a1117629 aBD-RjULbengcBD-RjULdBD-RjUL aeng a613.12bSEH 19531 a Selmon , A C .10aHealth and longevity :b a treatise in popular language on the cause, prevention, and treatment of the commonest diseases / aPoona : bOriental Watchman, c1953. ax ,294 p.bills ;c20 cm.4 aHoyle, J. Annotated bibliography of Australian domestic cookery books, 1860s to 1950,c68620aChild Study Association. 0aInfantsxNutrition. 0aChildrenxDevelopment. 0aChild development.1 aIzett, D.